Electricity

Bibliographic Details
Format: Book
Published: Selangor : Print Publisher , 2004
Series:Science focus series
Subjects:

MARC

LEADER 00000cam a2200000 7i4500
001 0000005593
005 20151222.0
008 070808
020 |a 9831282256 
090 0 0 |a JF   |b SC ENG (7037) 
245 0 0 |a Electricity 
260 |a Selangor :   |b Print Publisher ,   |c 2004 
440 0 |a Science focus series 
500 |a Children ages 7-9 years old (orange) 
650 0 |a Junior fiction   |x English   |x Languages 
650 0 |a Science 
999 |a 0000897214   |b Book   |c Children Collection   |e Cawangan Pontian 
999 |a 0000980779   |b Book   |c Children Collection   |e Cawangan Tangkak 
999 |a 0000980780   |b Book   |c Children Collection   |e Perbadanan Perpustakaan Awam Johor 
999 |a 0000980781   |b Book   |c Children Collection   |e Perbadanan Perpustakaan Awam Johor 
999 |a 0000980782   |b Book   |c Children Collection   |e Perbadanan Perpustakaan Awam Johor